[Event "FRM-chT 31st"]
[Site "Ohrid"]
[Date "2023.08.29"]
[Round "4.3"]
[White "Stojanovski, Dejan"]
[Black "Stamenkov, Vanco"]
[Result "1-0"]
[WhiteElo "2425"]
[BlackElo "2324"]
[PlyCount "70"]
[EventDate "2023.08.26"]
[EventType "team-tourn"]
[EventRounds "7"]
[EventCountry "MKD"]
[SourceTitle "EXT 2024"]
[Source "ChessBase"]
[SourceDate "2023.10.10"]
[SourceVersion "1"]
[SourceVersionDate "2023.10.10"]
[SourceQuality "1"]
[WhiteTeam "Prilep"]
[BlackTeam "Gostivar"]
[WhiteTeamCountry "MKD"]
[BlackTeamCountry "MKD"]

1. e4 c5 2. Nf3 Nc6 3. Nc3 e5 4. Bc4 Be7 5. d3 d6 6. 0-0 Bg4 7. h3 Be6 8. Nd5 Nf6 9. Ng5 Bxd5 10. exd5 Nb8 11. Bb5+ Kf8 12. c4 h6 13. Ne4 a6 14. Ba4 b5 15. cxb5 Nxd5 16. Qf3 Nb6 17. Bb3 Qe8 18. Nc3 axb5 19. Nxb5 Na6 20. a4 Rb8 21. Bd2 g6 22. Bc4 Nxc4 23. dxc4 Qd7 24. Bc3 Qe6 25. Qc6 Qc8 26. Qxc8+ Rxc8 27. f4 f6 28. fxe5 dxe5 29. Bxe5 Kg7 30. Bc3 Rc6 31. Rad1 Kf7 32. Rd7 Rd8 33. Rfd1 Rxd7 34. Rxd7 Ke6 35. Ra7 h5 1-0

[Event "FRM-chT 31st"]
[Site "Ohrid"]
[Date "2023.08.26"]
[Round "1.3"]
[White "Stojanovski, Dejan"]
[Black "Stojchev, Goce"]
[Result "1-0"]
[WhiteElo "2425"]
[BlackElo "2241"]
[PlyCount "93"]
[EventDate "2023.08.26"]
[EventType "team-tourn"]
[EventRounds "7"]
[EventCountry "MKD"]
[SourceTitle "EXT 2024"]
[Source "ChessBase"]
[SourceDate "2023.10.10"]
[SourceVersion "1"]
[SourceVersionDate "2023.10.10"]
[SourceQuality "1"]
[WhiteTeam "Prilep"]
[BlackTeam "Skopje Shkupi"]
[WhiteTeamCountry "MKD"]
[BlackTeamCountry "MKD"]

1. e4 e6 2. d4 d5 3. Nc3 dxe4 4. Nxe4 Nf6 5. Bg5 Be7 6. Bxf6 Bxf6 7. Nf3 0-0 8. Qd2 b6 9. 0-0-0 Bb7 10. Qf4 Nd7 11. Bc4 Rc8 12. d5 exd5 13. Bxd5 c6 14. Bb3 Qe7 15. Nd6 Nc5 16. Nxc8 Nxb3+ 17. axb3 Bxc8 18. Qd6 Qe2 19. Rd2 Qa6 20. Qa3 Qb7 21. Qd6 h6 22. Re1 c5 23. Kb1 Be6 24. Rxe6 fxe6 25. Qxe6+ Qf7 26. Qxf7+ Rxf7 27. c3 a5 28. Kc2 Re7 29. Kd1 Kf7 30. Re2 Rxe2 31. Kxe2 Ke6 32. Kd3 Kd5 33. Nd2 b5 34. h3 a4 35. bxa4 bxa4 36. Nc4 Kc6 37. f4 Bd8 38. Ke4 g5 39. f5 Bf6 40. g4 Bg7 41. Kd3 Bf6 42. Ne3 Be7 43. Kc4 Bf6 44. Nd5 Be5 45. f6 Kd6 46. f7 Bg7 47. Nb6 1-0

[Event "FRM-chT 30th"]
[Site "Struga"]
[Date "2022.10.17"]
[Round "4.4"]
[White "Stojanovski, Dejan"]
[Black "Stanojoski, Zvonko"]
[Result "1-0"]
[WhiteElo "2424"]
[BlackElo "2413"]
[PlyCount "107"]
[EventDate "2022.10.14"]
[EventType "team-tourn"]
[EventRounds "7"]
[EventCountry "MKD"]
[SourceTitle "CBM 210 Extra"]
[Source "ChessBase"]
[SourceDate "2022.11.30"]
[SourceVersion "1"]
[SourceVersionDate "2022.11.30"]
[SourceQuality "1"]
[WhiteTeam "Prilep"]
[BlackTeam "Skopje Alkaloid"]
[WhiteTeamCountry "MKD"]
[BlackTeamCountry "MKD"]

1. e4 c5 2. Nf3 d6 3. d4 cxd4 4. Nxd4 Nf6 5. Nc3 Nc6 6. Bg5 Bd7 7. Qd2 Rc8 8. Nb3 h6 9. Bxf6 gxf6 10. 0-0-0 Na5 11. f4 h5 12. Kb1 a6 13. Qe1 Nxb3 14. axb3 Qa5 15. Bd3 f5 16. exf5 Kd8 17. Ne4 Qxe1 18. Rhxe1 f6 19. Nc3 Rc5 20. b4 Rxf5 21. Bxf5 Bxf5 22. b5 axb5 23. Nxb5 Bd7 24. Nd4 e5 25. Ne2 Rg8 26. g3 h4 27. fxe5 fxe5 28. gxh4 Rh8 29. Ng3 Rxh4 30. Rd2 Kc7 31. Rf2 Bh6 32. Re4 Rh3 33. Rc4+ Bc6 34. Rf7+ Kb6 35. Rh7 Rxh2 36. Rg4 e4 37. Rg6 e3 38. Rhxh6 Rg2 39. Rh1 Rxg3 40. Rxg3 Bxh1 41. Rxe3 Bc6 42. Rg3 Kc5 43. Rg4 Bd7 44. Rh4 Bc6 45. Kc1 Bd7 46. Kd2 Kc6 47. Rh5 Be6 48. Ke3 Bf7 49. Rg5 Be6 50. Kd4 Bf7 51. c4 Be6 52. b4 Kc7 53. Rg7+ Kc8 54. Re7 1-0

[Event "CRO-chT1B 29th"]
[Site "Mali Losinj"]
[Date "2021.09.26"]
[Round "3.63"]
[White "Dabo Peranic, Robert"]
[Black "Stojanovski, Dejan"]
[Result "1/2-1/2"]
[WhiteElo "2289"]
[BlackElo "2424"]
[PlyCount "28"]
[EventDate "2021.09.25"]
[EventType "team-tourn"]
[EventRounds "11"]
[EventCountry "CRO"]
[SourceTitle "CBM 204 Extra"]
[Source "ChessBase"]
[SourceDate "2021.11.30"]
[SourceVersion "1"]
[SourceVersionDate "2021.11.30"]
[SourceQuality "1"]
[WhiteTeam "Slavonski Brod Djakovic"]
[BlackTeam "Vinkovci"]
[WhiteTeamCountry "CRO"]
[BlackTeamCountry "CRO"]

1. e4 c5 2. Nf3 Nc6 3. d4 cxd4 4. Nxd4 g6 5. c4 Nf6 6. Nc3 d6 7. Be2 Nxd4 8. Qxd4 Bg7 9. Bg5 0-0 10. Qd2 Be6 11. Rc1 Qa5 12. f3 Rfc8 13. b3 a6 14. Nd5 Qxd2+ 1/2-1/2

[Event "CRO-chT1B 29th"]
[Site "Mali Losinj"]
[Date "2021.09.25"]
[Round "1.5"]
[White "Muha, Miljenko"]
[Black "Stojanovski, Dejan"]
[Result "1/2-1/2"]
[WhiteElo "2289"]
[BlackElo "2424"]
[PlyCount "71"]
[EventDate "2021.09.25"]
[EventType "team-tourn"]
[EventRounds "11"]
[EventCountry "CRO"]
[SourceTitle "CBM 204 Extra"]
[Source "ChessBase"]
[SourceDate "2021.11.30"]
[SourceVersion "1"]
[SourceVersionDate "2021.11.30"]
[SourceQuality "1"]
[WhiteTeam "Split Brda"]
[BlackTeam "Vinkovci"]
[WhiteTeamCountry "CRO"]
[BlackTeamCountry "CRO"]

1. d4 Nf6 2. Nf3 e6 3. e3 c5 4. a3 b6 5. b3 Bb7 6. Bb2 Be7 7. Bd3 0-0 8. 0-0 d6 9. Nbd2 Nbd7 10. Qe2 Re8 11. c4 cxd4 12. Nxd4 Bf8 13. Rad1 a6 14. Bb1 Qc7 15. Rfe1 Nc5 16. Rc1 Nce4 17. f3 Nxd2 18. Qxd2 e5 19. Ne2 Rad8 20. Kh1 Qb8 21. e4 b5 22. Nc3 bxc4 23. bxc4 Rc8 24. Nd5 Nd7 25. Ba2 Nc5 26. Rb1 Qa7 27. Bc3 Bc6 28. Ba5 Rb8 29. Rb4 Nd7 30. Qe3 Qxe3 31. Nxe3 Rbc8 32. Rd1 g6 33. Nd5 Bxd5 34. cxd5 Rc5 35. Bb6 Nxb6 36. Rxb6 1/2-1/2

[Event "World Corporate East F"]
[Site "Chess.com INT"]
[Date "2021.02.19"]
[Round "3.3"]
[White "Stojanovski, Dejan"]
[Black "Lanchava, Tea"]
[Result "0-1"]
[WhiteElo "2421"]
[BlackElo "2214"]
[PlyCount "100"]
[EventDate "2021.02.19"]
[EventType "team (rapid)"]
[EventRounds "7"]
[EventCountry "USA"]
[SourceTitle "EXT 2022"]
[Source "ChessBase"]
[SourceDate "2021.10.06"]
[SourceVersion "1"]
[SourceVersionDate "2021.10.06"]
[SourceQuality "1"]
[WhiteTeam "Alkaloid"]
[BlackTeam "The Hague European Patent Office"]
[WhiteTeamCountry "MKD"]
[BlackTeamCountry "NED"]

1. d4 d6 2. e4 g6 3. Nc3 Bg7 4. Bg5 a6 5. Nf3 Nd7 6. a4 b6 7. Bc4 Bb7 8. Qe2 c5 9. Rd1 cxd4 10. Nxd4 Ne5 11. Bd5 Bxd5 12. exd5 Nf6 13. f4 Neg4 14. h3 Nh6 15. 0-0 Qd7 16. Rfe1 Nhg8 17. Nc6 h6 18. Bh4 Kf8 19. Qe3 Qb7 20. Bf2 b5 21. Bh4 b4 22. Nb1 Nxd5 23. Rxd5 Qxc6 24. Bxe7+ Nxe7 25. Qxe7+ Kg8 26. Qxd6 Qxc2 27. Rd2 Qc4 28. f5 gxf5 29. Qd7 Qc8 30. Qd5 Ra7 31. Rf2 Qd7 32. Rd1 Qe6 33. Qc5 Re7 34. Nd2 Kh7 35. Nf3 Rc8 36. Qxb4 Rc4 37. Qd2 Qb6 38. Qd5 Rc5 39. Qd3 Bf6 40. Rdf1 Re4 41. Kh1 Bxb2 42. Nd2 Rd4 43. Qe2 Rdd5 44. Qe7 Qe6 45. Qb7 Bd4 46. Rf3 Rc2 47. Nb3 Bg7 48. Rg3 Be5 49. Rgf3 Qg6 50. Rg1 Rxg2 0-1

[Event "CRO-chT1B 28th"]
[Site "Mali Losinj"]
[Date "2019.09.30"]
[Round "3.33"]
[White "Stojanovski, Dejan"]
[Black "Fercec, Nenad"]
[Result "0-1"]
[WhiteElo "2428"]
[BlackElo "2439"]
[PlyCount "82"]
[EventDate "2019.09.28"]
[EventType "team-tourn"]
[EventRounds "9"]
[EventCountry "CRO"]
[SourceTitle "EXT 2020"]
[Source "ChessBase"]
[SourceDate "2019.10.17"]
[SourceVersion "1"]
[SourceVersionDate "2019.10.17"]
[SourceQuality "1"]
[WhiteTeam "Vinkovci"]
[BlackTeam "Pula"]
[WhiteTeamCountry "CRO"]
[BlackTeamCountry "CRO"]

1. d4 Nf6 2. Nf3 g6 3. Nbd2 d5 4. b4 Bg7 5. e3 0-0 6. Be2 b6 7. 0-0 c5 8. bxc5 bxc5 9. c3 c4 10. Ne5 Qc7 11. Bf3 Nc6 12. Nxc6 Qxc6 13. Ba3 Re8 14. Bc5 Ba6 15. Bb4 e5 16. dxe5 Rxe5 17. Be2 Ne4 18. Nf3 Ree8 19. Nd4 Qd7 20. Bf3 Bb7 21. Qc2 a5 22. Ba3 Bc6 23. Bxe4 dxe4 24. Rab1 Be5 25. Qe2 Bd5 26. Rfd1 Rab8 27. Qc2 h5 28. Rxb8 Rxb8 29. Rb1 Rd8 30. Bc5 Rc8 31. Bb6 h4 32. h3 Bb8 33. Bxa5 Qd6 34. f4 exf3 35. gxf3 Qe5 36. Qf2 Bxf3 37. Rb5 Bd5 38. Qf4 Qe8 39. Qg5 Ba8 40. Nf5 Qe4 41. Ne7+ Kh7 0-1

[Event "FRM-chT"]
[Site "Ohrid"]
[Date "2019.07.23"]
[Round "2.6"]
[White "Danchevski, Orce"]
[Black "Stojanovski, Dejan"]
[Result "1/2-1/2"]
[WhiteElo "2323"]
[BlackElo "2429"]
[PlyCount "24"]
[EventDate "2019.07.22"]
[EventType "team-tourn"]
[EventRounds "7"]
[EventCountry "MKD"]
[SourceTitle "EXT 2020"]
[Source "ChessBase"]
[SourceDate "2019.10.17"]
[SourceVersion "1"]
[SourceVersionDate "2019.10.17"]
[SourceQuality "1"]
[WhiteTeam "Skopje Gambit Asseko"]
[BlackTeam "Skopje Alkaloid"]
[WhiteTeamCountry "MKD"]
[BlackTeamCountry "MKD"]

1. d4 Nf6 2. c4 e6 3. g3 c5 4. Nf3 cxd4 5. Nxd4 a6 6. Bg2 Qc7 7. Nc3 Qxc4 8. 0-0 Nc6 9. Nb3 Be7 10. Bf4 Qb4 11. e4 d6 12. Rc1 0-0 1/2-1/2

[Event "KOS-chT"]
[Site "Pristina"]
[Date "2019.05.03"]
[Round "5.1"]
[White "Stojanovski, Dejan"]
[Black "Ermeni, Avni"]
[Result "1-0"]
[WhiteElo "2432"]
[BlackElo "2166"]
[PlyCount "67"]
[EventDate "2019.04.29"]
[EventType "team-tourn"]
[EventRounds "7"]
[EventCountry "KOS"]
[SourceTitle "CBM 190 Extra"]
[Source "ChessBase"]
[SourceDate "2019.07.15"]
[SourceVersion "1"]
[SourceVersionDate "2019.07.15"]
[SourceQuality "1"]
[WhiteTeam "Drejtesia"]
[BlackTeam "Vellaznimi"]
[WhiteTeamCountry "KOS"]
[BlackTeamCountry "KOS"]

1. e4 e5 2. Nf3 Nc6 3. Bb5 a6 4. Bxc6 dxc6 5. Nc3 f6 6. d4 exd4 7. Nxd4 c5 8. Nde2 Qxd1+ 9. Nxd1 Be6 10. Bf4 0-0-0 11. Ne3 Ne7 12. Bg3 Nc6 13. Nf4 Bf7 14. Nfd5 Bd6 15. 0-0-0 Bxd5 16. Nxd5 Rhe8 17. Rhe1 Re6 18. f3 Ne5 19. Ne3 Rde8 20. Kb1 g6 21. Nd5 Nf7 22. Bh4 Be7 23. Bf2 Bd6 24. Bh4 Be7 25. Nxe7+ R8xe7 26. Rd5 b6 27. Red1 Nd6 28. Bg3 Nf7 29. h4 h5 30. a4 a5 31. Kc1 Re8 32. Bxc7 Ne5 33. Bxe5 fxe5 34. Rd7 1-0

[Event "KOS-chT"]
[Site "Pristina"]
[Date "2019.04.29"]
[Round "1.1"]
[White "Stojanovski, Dejan"]
[Black "Suhogerlla, Xhevat"]
[Result "1/2-1/2"]
[WhiteElo "2432"]
[BlackElo "2128"]
[PlyCount "100"]
[EventDate "2019.04.29"]
[EventType "team-tourn"]
[EventRounds "7"]
[EventCountry "KOS"]
[SourceTitle "CBM 190 Extra"]
[Source "ChessBase"]
[SourceDate "2019.07.15"]
[SourceVersion "1"]
[SourceVersionDate "2019.07.15"]
[SourceQuality "1"]
[WhiteTeam "Drejtesia"]
[BlackTeam "Decani"]
[WhiteTeamCountry "KOS"]
[BlackTeamCountry "KOS"]

1. d4 e6 2. Nf3 d5 3. Bf4 Nf6 4. e3 c5 5. c3 Nc6 6. Nbd2 Bd6 7. Bg3 a6 8. Bd3 h6 9. Qe2 cxd4 10. exd4 Nh5 11. Bxd6 Qxd6 12. g3 g6 13. Ne5 Nxe5 14. dxe5 Qc7 15. Nf3 Bd7 16. Nd4 Ng7 17. 0-0-0 Nf5 18. Kb1 b5 19. g4 Nxd4 20. cxd4 b4 21. Rc1 Qd8 22. f4 h5 23. f5 gxf5 24. gxf5 Qh4 25. Qd2 a5 26. fxe6 Bxe6 27. Rhf1 Kd8 28. Rf4 Qe7 29. Bf5 Rc8 30. Rxc8+ Kxc8 31. Rf1 Kb7 32. Qd3 Kb6 33. Rc1 Bxf5 34. Qxf5 Qe6 35. Qc2 Qg6 36. Qxg6+ fxg6 37. Rg1 Kb5 38. b3 Rf8 39. Rxg6 Rf4 40. Rg5 Rxd4 41. e6 Re4 42. Rxd5+ Kb6 43. Rxh5 Rxe6 44. Rd5 Re2 45. h4 Rh2 46. h5 Ka6 47. Rd6+ Kb5 48. h6 Kc5 49. Rg6 Kd4 50. Rc6 Kd3 1/2-1/2

[Event "EU-ch rapid"]
[Site "Skopje"]
[Date "2018.12.09"]
[Round "8"]
[White "Van Foreest, Lucas"]
[Black "Stojanovski, Dejan"]
[Result "1/2-1/2"]
[WhiteElo "2500"]
[BlackElo "2430"]
[PlyCount "28"]
[EventDate "2018.12.08"]
[EventType "swiss (rapid)"]
[EventRounds "13"]
[EventCountry "MKD"]
[SourceTitle "CBM 187 Extra"]
[Source "ChessBase"]
[SourceDate "2018.11.04"]
[SourceVersion "1"]
[SourceVersionDate "2018.11.04"]
[SourceQuality "1"]

1. e4 d5 2. exd5 Qxd5 3. Nc3 Qd8 4. d4 Nf6 5. Nf3 Bg4 6. h3 Bxf3 7. Qxf3 c6 8. Be3 e6 9. Bd3 Nbd7 10. 0-0 Be7 11. Ne4 Nxe4 12. Bxe4 Nf6 13. Bd3 Nd5 14. Bd2 Bg5 1/2-1/2

[Event "EU-ch blitz"]
[Site "Skopje"]
[Date "2018.12.07"]
[Round "12"]
[White "Banikas, Hristos"]
[Black "Stojanovski, Dejan"]
[Result "1-0"]
[WhiteElo "2601"]
[BlackElo "2430"]
[PlyCount "66"]
[EventDate "2018.12.06"]
[EventType "swiss (blitz)"]
[EventRounds "22"]
[EventCountry "MKD"]
[SourceTitle "CBM 187 Extra"]
[Source "ChessBase"]
[SourceDate "2018.11.04"]
[SourceVersion "1"]
[SourceVersionDate "2018.11.04"]
[SourceQuality "1"]

1. d4 Nf6 2. c4 c5 3. d5 b5 4. Nf3 g6 5. cxb5 a6 6. e3 Bg7 7. Nc3 0-0 8. a4 e6 9. dxe6 fxe6 10. Be2 d5 11. 0-0 Bb7 12. Ra3 Nbd7 13. bxa6 Bxa6 14. Bxa6 Rxa6 15. e4 d4 16. Qe2 Qa8 17. Nb5 Qxe4 18. Qxe4 Nxe4 19. Re1 Ndf6 20. Ne5 Nxf2 21. Nc7 Rb6 22. Nc4 Rb4 23. Nxe6 Rf7 24. Nd6 Rd7 25. Bf4 g5 26. Nxg7 Kxg7 27. Be5 N2g4 28. Ne8+ Kf7 29. Nxf6 Nxf6 30. Rf3 Rb6 31. Ref1 d3 32. Rxf6+ Rxf6 33. Bxf6 Ke8 1-0

[Event "EU-ch blitz"]
[Site "Skopje"]
[Date "2018.12.07"]
[Round "20"]
[White "Demchenko, Anton"]
[Black "Stojanovski, Dejan"]
[Result "0-1"]
[WhiteElo "2679"]
[BlackElo "2430"]
[PlyCount "116"]
[EventDate "2018.12.06"]
[EventType "swiss (blitz)"]
[EventRounds "22"]
[EventCountry "MKD"]
[SourceTitle "CBM 187 Extra"]
[Source "ChessBase"]
[SourceDate "2018.11.04"]
[SourceVersion "1"]
[SourceVersionDate "2018.11.04"]
[SourceQuality "1"]

1. e4 c5 2. Nf3 Nc6 3. Bb5 g6 4. Bxc6 dxc6 5. d3 Bg7 6. Nc3 Bg4 7. h3 Bxf3 8. Qxf3 Nf6 9. Be3 Nd7 10. 0-0 e5 11. a3 Qe7 12. Rab1 a5 13. Qd1 Nf8 14. Na4 Ne6 15. Qd2 b5 16. Nc3 0-0 17. Ne2 a4 18. f4 exf4 19. Nxf4 Nd4 20. c3 Nb3 21. Qf2 Rad8 22. Rbd1 c4 23. dxc4 Qxe4 24. cxb5 cxb5 25. Rde1 Qc4 26. h4 h5 27. Nh3 Rd7 28. Ng5 f6 29. Nh3 Qg4 30. Nf4 Kh7 31. Re2 Re8 32. Rfe1 Rde7 33. Nd5 Rf7 34. Bf4 Rxe2 35. Rxe2 g5 36. Bg3 Nc1 37. Rd2 Nb3 38. Re2 Nc1 39. Rd2 Nb3 40. Ne3 Qe4 41. Re2 f5 42. Nc2 Qg4 43. Ne3 Qe4 44. Nc2 Qg4 45. hxg5 f4 46. Bh2 f3 47. Re1 Nc5 48. Ne3 Qxg5 49. Qc2+ Kh8 50. Kh1 f2 51. Rf1 Qxe3 52. Qg6 Qe1 53. Qxh5+ Kg8 54. Rxe1 fxe1Q+ 55. Bg1 Qe5 56. Qh3 Rf5 57. g4 Qe4+ 58. Kh2 Be5+ 0-1

[Event "EU-ch blitz"]
[Site "Skopje"]
[Date "2018.12.06"]
[Round "9"]
[White "Gouloutis, Nikolaos"]
[Black "Stojanovski, Dejan"]
[Result "0-1"]
[WhiteElo "2353"]
[BlackElo "2430"]
[PlyCount "62"]
[EventDate "2018.12.06"]
[EventType "swiss (blitz)"]
[EventRounds "22"]
[EventCountry "MKD"]
[SourceTitle "CBM 187 Extra"]
[Source "ChessBase"]
[SourceDate "2018.11.04"]
[SourceVersion "1"]
[SourceVersionDate "2018.11.04"]
[SourceQuality "1"]

1. d4 Nf6 2. c4 c5 3. d5 b5 4. Qc2 d6 5. e4 bxc4 6. Bxc4 g6 7. Nf3 Bg7 8. 0-0 0-0 9. h3 Nbd7 10. Re1 Rb8 11. Nc3 Qa5 12. Bf1 Ba6 13. Bxa6 Qxa6 14. e5 dxe5 15. Nxe5 Nxe5 16. Rxe5 Rb7 17. Rb1 Ne8 18. Re1 Nd6 19. Bg5 Re8 20. b3 h6 21. Bf4 Nf5 22. Na4 Nd4 23. Qxc5 Ne2+ 24. Rxe2 Qxe2 25. Qc6 Qb5 26. Rc1 Rd8 27. Nc5 Rb6 28. Qc7 Rxd5 29. a4 Qc6 30. a5 Qxc7 31. Bxc7 Rc6 0-1

[Event "EU-ch blitz"]
[Site "Skopje"]
[Date "2018.12.06"]
[Round "10"]
[White "Stojanovski, Dejan"]
[Black "Gouloutis, Nikolaos"]
[Result "1-0"]
[WhiteElo "2430"]
[BlackElo "2353"]
[PlyCount "123"]
[EventDate "2018.12.06"]
[EventType "swiss (blitz)"]
[EventRounds "22"]
[EventCountry "MKD"]
[SourceTitle "CBM 187 Extra"]
[Source "ChessBase"]
[SourceDate "2018.11.04"]
[SourceVersion "1"]
[SourceVersionDate "2018.11.04"]
[SourceQuality "1"]

1. d4 e6 2. Nf3 Nf6 3. Bf4 c5 4. e3 b6 5. c3 Bb7 6. Nbd2 cxd4 7. exd4 d6 8. Bd3 Be7 9. Qe2 Nbd7 10. h3 a6 11. a4 0-0 12. 0-0 Re8 13. Ne4 Nxe4 14. Bxe4 Bxe4 15. Qxe4 Qc7 16. Rfe1 Bf8 17. Bg3 Nf6 18. Qd3 Rec8 19. Nd2 Qb7 20. Bh4 Nd5 21. Qf3 b5 22. axb5 axb5 23. Ne4 h6 24. Bg3 Rxa1 25. Rxa1 Ra8 26. Re1 Ra2 27. Bxd6 Rxb2 28. Bxf8 Kxf8 29. Nc5 Qa8 30. Nxe6+ Kg8 31. Nc5 Ra2 32. Re5 Nb6 33. Qxa8+ Rxa8 34. Ne4 Ra5 35. Nd6 Ra1+ 36. Kh2 Na4 37. Nxb5 Rc1 38. Re3 Nb6 39. Re5 Na4 40. Re3 g5 41. d5 Rd1 42. c4 Nc5 43. d6 Kg7 44. Re5 Ne6 45. c5 Kf6 46. Re3 Nxc5 47. Rc3 Ne4 48. Rf3+ Ke6 49. Re3 f5 50. f3 Rb1 51. Nc3 Rb3 52. fxe4 fxe4 53. Rxe4+ Kxd6 54. Re3 Kd7 55. Nd5 Rb5 56. Nf6+ Kd6 57. Ne4+ Kd7 58. Ng3 Rb6 59. Re4 Rc6 60. Nf5 Ra6 61. Re7+ Kd8 62. Rh7 1-0

[Event "EU-ch blitz"]
[Site "Skopje"]
[Date "2018.12.06"]
[Round "6"]
[White "Stojanovski, Dejan"]
[Black "Guseinov, Gadir"]
[Result "1/2-1/2"]
[WhiteElo "2430"]
[BlackElo "2664"]
[PlyCount "175"]
[EventDate "2018.12.06"]
[EventType "swiss (blitz)"]
[EventRounds "22"]
[EventCountry "MKD"]
[SourceTitle "CBM 187 Extra"]
[Source "ChessBase"]
[SourceDate "2018.11.04"]
[SourceVersion "1"]
[SourceVersionDate "2018.11.04"]
[SourceQuality "1"]

1. d4 Nf6 2. Nf3 g6 3. Nbd2 Bg7 4. e4 d6 5. Bc4 0-0 6. 0-0 Nc6 7. c3 e5 8. dxe5 dxe5 9. Qe2 Nh5 10. Nb3 h6 11. Be3 Qf6 12. h3 Nd8 13. Rfd1 Ne6 14. Bxe6 Bxe6 15. Nc5 b6 16. Nd7 Bxd7 17. Rxd7 Qc6 18. Rd5 Rae8 19. Rad1 Nf6 20. Rxe5 Nxe4 21. Rxe8 Rxe8 22. Qd3 Nd6 23. Bd4 Qc4 24. Bxg7 Qxd3 25. Rxd3 Kxg7 26. Kf1 Kf6 27. b3 a5 28. Nd4 a4 29. bxa4 Ra8 30. Nb5 Nxb5 31. axb5 Ke6 32. Ke2 Rxa2+ 33. Ke3 f5 34. g3 g5 35. c4 Rc2 36. Rd4 Ke5 37. Rd5+ Ke6 38. Rd4 Rc1 39. h4 Rc2 40. hxg5 hxg5 41. Kf3 Rc3+ 42. Ke2 Ke5 43. Rd5+ Ke4 44. g4 Rc2+ 45. Kf1 fxg4 46. Rxg5 Kf4 47. Rg7 Rxc4 48. Rf7+ Ke5 49. Kg2 c6 50. bxc6 Rxc6 51. Rg7 Rc4 52. Rg5+ Kf4 53. Rb5 Rc6 54. Rb4+ Kg5 55. Kg3 Rc3+ 56. Kg2 Rc6 57. Kg3 Kf5 58. Rf4+ Ke5 59. Rxg4 Kd5 60. Kf3 b5 61. Ke3 Rf6 62. Kd3 Rxf2 63. Kc3 Kc5 64. Rg5+ Kb6 65. Kb4 Rf4+ 66. Kb3 Ka5 67. Rg3 Rb4+ 68. Ka3 Rb1 69. Ka2 Rc1 70. Kb3 Re1 71. Rf3 Rg1 72. Re3 Rg4 73. Rf3 Rh4 74. Rg3 Rb4+ 75. Ka3 Rd4 76. Kb3 Rd5 77. Rf3 Rg5 78. Re3 Kb6 79. Kb4 Rg4+ 80. Kb3 Rh4 81. Rf3 Rh5 82. Re3 Kc5 83. Rc3+ Kd4 84. Rg3 Rh1 85. Kb4 Rb1+ 86. Rb3 Rxb3+ 87. Kxb3 b4 88. Kxb4 1/2-1/2

[Event "FRM-chT"]
[Site "Struga"]
[Date "2018.08.11"]
[Round "1.5"]
[White "Sadiki, Nedzmedin"]
[Black "Stojanovski, Dejan"]
[Result "0-1"]
[WhiteElo "2187"]
[BlackElo "2431"]
[PlyCount "143"]
[EventDate "2018.08.11"]
[EventType "team-tourn"]
[EventRounds "7"]
[EventCountry "MKD"]
[SourceTitle "CBM 186 Extra"]
[Source "ChessBase"]
[SourceDate "2018.08.24"]
[SourceVersion "1"]
[SourceVersionDate "2018.08.24"]
[SourceQuality "1"]
[WhiteTeam "Gostivar"]
[BlackTeam "Skopje Alkaloid"]
[WhiteTeamCountry "MKD"]
[BlackTeamCountry "MKD"]

1. e4 c5 2. Nf3 Nc6 3. Bb5 g6 4. Bxc6 bxc6 5. 0-0 Bg7 6. Nc3 e5 7. d3 Ne7 8. Na4 d6 9. c4 0-0 10. Ne1 f5 11. f3 h6 12. Be3 f4 13. Bf2 g5 14. g4 fxg3 15. hxg3 Ng6 16. Be3 h5 17. Qd2 Bf6 18. Ng2 Rb8 19. Nc3 Rb7 20. Nd1 Rh7 21. Nf2 h4 22. g4 Nf4 23. Kh2 Be7 24. Nh3 Nxh3 25. Kxh3 Rhf7 26. Qe2 d5 27. Bg1 d4 28. Rf2 Be6 29. Ne1 a5 30. Nc2 Qd7 31. Raf1 Kg7 32. Na3 Kg6 33. Rg2 Bd6 34. Bh2 Rf6 35. Rgf2 Qf7 36. Kg2 Qh7 37. Kg1 Rb8 38. Qd2 Qc7 39. Kg2 Rbf8 40. Bg1 Qd8 41. Qd1 R8f7 42. Nc2 Bc7 43. Ne1 Qf8 44. Qe2 a4 45. Bh2 Rh7 46. Qd1 Qa8 47. Kg1 Rf8 48. Rg2 Bd6 49. Kh1 Rb7 50. Rc2 Bxg4 51. Rg1 Bh3 52. f4 exf4 53. Nf3 g4 54. Nxh4+ Kh5 55. Nf3 Rg7 56. e5 Be7 57. Ne1 Qc8 58. Rf2 Bh4 59. Rxf4 Rxf4 60. Bxf4 Bf2 61. Rg2 Bxe1 62. Qxe1 Bxg2+ 63. Kxg2 Qf5 64. Qh1+ Kg6 65. Qh6+ Kf7 66. e6+ Qxe6 67. Qh5+ Kg8 68. Qxc5 Qe2+ 69. Kg1 g3 70. Qxd4 Qh2+ 71. Kf1 g2+ 72. Ke2 0-1

[Event "KOS-chT"]
[Site "Pristina"]
[Date "2018.05.10"]
[Round "4.1"]
[White "Stojanovski, Dejan"]
[Black "Nikolovski, Nikola"]
[Result "1/2-1/2"]
[WhiteElo "2432"]
[BlackElo "2405"]
[PlyCount "32"]
[EventDate "2018.05.07"]
[EventType "team-tourn"]
[EventRounds "7"]
[EventCountry "KOS"]
[SourceTitle "EXT 2019"]
[Source "ChessBase"]
[SourceDate "2018.10.10"]
[SourceVersion "1"]
[SourceVersionDate "2018.10.10"]
[SourceQuality "1"]
[WhiteTeam "Drejtesia"]
[BlackTeam "Fushe Kosova"]
[WhiteTeamCountry "KOS"]
[BlackTeamCountry "KOS"]

1. e4 e6 2. d4 d5 3. Nd2 dxe4 4. Nxe4 Nd7 5. Nf3 Ngf6 6. Nxf6+ Nxf6 7. Bg5 c5 8. Bb5+ Bd7 9. Bxd7+ Qxd7 10. Qe2 cxd4 11. 0-0-0 Bc5 12. Qe5 Rc8 13. Nxd4 Qc7 14. Qxc7 Rxc7 15. f3 a6 16. Rhe1 0-0 1/2-1/2